Logo BPK

Biblioteka

Politechniki Koszalińskiej

Psychologia dziecka / (Rekord nr 6192)

Szczegóły MARC
000 -ETYKIETA REKORDU
podpole kontrolne o stałej długości 01743nam a2200517 i 4500
001 - NUMER KONTROLNY REKORDU
pole kontrolne 6192
003 - IDENTYFIKATOR NUMERU KONTROLNEGO REKORDU
podpole kontrolne KOSZ 005
005 - DATA OSTATNIEJ MODYFIKACJI REKORDU
podpole kontrolne 20210525080213.0
008 - POLE O STAŁEJ DŁUGOŚCI - DANE KONTROLNE
podpole kontrolne o stałej długości 970510s1993 pl f |000 0 pol
015 ## - NUMER BIBLIOGRAFII NARODOWEJ
Numer bibliografii narodowej PB 1993/6786
020 ## - MIĘDZYNARODOWY ZNORMALIZOWANY NUMER KSIĄŻKI - ISBN
ISBN 8385193383
035 ## - NUMER SYSTEMOWY
Numer systemowy przejętego rekordu 991001028669705066
035 ## - NUMER SYSTEMOWY
Numer systemowy przejętego rekordu (PL-WaBN)b10309949-48omnis_nlop
035 ## - NUMER SYSTEMOWY
Numer systemowy przejętego rekordu b10309949
035 ## - NUMER SYSTEMOWY
Numer systemowy przejętego rekordu (OCoLC)69584246
035 ## - NUMER SYSTEMOWY
Numer systemowy przejętego rekordu (PL)b0000001030994
035 ## - NUMER SYSTEMOWY
Numer systemowy przejętego rekordu (EXLNZ-48OMNIS_NETWORK)9910317377105606
040 ## - ŹRÓDŁO KATALOGOWANIA
Instytucja, która sporządziła opis WA N
Instytucja, która utworzyła rekord WA N
Instytucja, która dokonała modyfikacji KOSZ 005/EC
041 1# - KOD JĘZYKA
Kod języka tekstu pol
Kod języka oryginału fre
046 ## - DATY KODOWANE
Pojedyncza data lub początek okresu powstania dzieła lub zbioru dzieł 1993
080 ## - UNIWERSALNA KLASYFIKACJA DZIESIĘTNA - UKD
UKD 159.922.7
100 1# - NAZWA OSOBOWA
Nazwa osobowa Piaget, Jean
Daty związane z nazwą (1896-1980).
Określenie rodzaju współpracy Autor
245 10 - TYTUŁ/ODPOWIEDZIALNOŚĆ
Tytuł Psychologia dziecka /
Pozostałe elementy strefy tytułu i oznaczenia odpowiedzialności Jean Piaget, Barbel Inhelder ; przeł. [z fr.] Zofia Zakrzewska.
246 1# - WARIANT TYTUŁU
Treść wyrażenia wprowadzającego Tyt. oryg.:
Tytuł Psychologie de l'enfant,
Numeracja zeszytu 1989
260 ## - STREFA ADRESU WYDAWNICZEGO
Miejsce wydania Wrocław :
Nazwa wydawcy/dystrybutora "Siedmioróg",
Data publikacji, dystrybucji/powstania dokumentu 1993
Miejsce produkcji (Rzesz. :
Nazwa producenta RZG).
300 ## - STREFA OPISU FIZYCZNEGO
Objętość 158, [1] s. ;
Rozmiary 20 cm.
336 ## - TYP ZAWARTOŚCI
Źródło (terminu i kodu) rdacontent
Termin opisujący typ zawartości Tekst
Kod określający zawartość txt
337 ## - TYP MEDIÓW
Źródło (terminu i kodu) rdamedia
Tryb odtwarzania Bez urządzenia pośredniczącego
Kod typu mediów n
338 ## - TYP/RODZAJ NOŚNIKA
Źródło (terminu i kodu) rdacarrier
Hasło opisujące typ nośnika Wolumin
Kod typu nośnika nc
380 ## - FORMA I TYP PUBLIKACJI
Forma i typ publikacji Książki
380 ## - FORMA I TYP PUBLIKACJI
Forma i typ publikacji Publikacje dydaktyczne
385 ## - ODBIORCA
Kategoria grupowa odbiorcy Poziom nauczania
Odbiorca Szkoły wyższe
388 ## - CZAS POWSTANIA
Czas powstania 1901-2000
388 ## - CZAS POWSTANIA
Czas powstania 1989-2000
490 1# - STREFA SERII I DOKUMENTU WIELOCZĘŚCIOWEGO - FORMA NIE DO WYSZUKIWANIA
Tytuł i oznaczenie odpowiedzialności serii Co Wiem ? ! ;
Numeracja w obrębie serii 4
500 ## - UWAGI OGÓLNE
Tekst uwagi Tyt. oryg.: La psychologie de l'enfant, 1989.
658 ## - TERMIN INDEKSOWY - PRZEDMIOT PROGRAMU NAUCZANIA
Główny przedmiot programu nauczania Psychologia
650 #7 - HASŁO PRZEDMIOTOWE W FORMIE NAZWY OGÓLNEJ LUB JEDNOSTKOWEJ
Nazwa ogólna lub geograficzna Psychologia dziecka
700 1# - HASŁO DODATKOWE - NAZWA OSOBOWA
Nazwa osobowa Inhelder, Bärbel
Daty związane z nazwą (1913-1997)
Określenie związku między hasłem a opisywanym materiałem Autor
700 1# - HASŁO DODATKOWE - NAZWA OSOBOWA
Nazwa osobowa Zakrzewska, Zofia.
Określenie związku między hasłem a opisywanym materiałem Tłumaczenie
710 2# - HASŁO DODATKOWE - NAZWA CIAŁA ZBIOROWEGO
Kod określenia powiązania pbl
Nazwa ciała zbiorowego lub jednostki geograficznej Wydawnictwo "Siedmioróg"
830 #0 - HASŁO DODATKOWE SERII LUB DOKUMENTU WIELOCZĘŚCIOWEGO - TYTUŁ UJEDNOLICONY
Tytuł ujednolicony Co Wiem ? ! ;
Oznaczenie tomu 4
856 ## - LOKALIZACJA I DOSTĘP DO ELEKTRONICZNYCH DOKUMENTÓW ZDALNYCH
Link (URL) http://koha.tu.koszalin.pl/cgi-bin/koha/opac-detail.pl?biblionumber=6192
Tekst linku Katalog online BPK
942 ## - DODATKOWE ELEMENTY (KOHA)
Schemat klasyfikacji Uniwersalna Klasyfikacja Dziesiętna
Typ dokumentu Książka
Egzemplarze
Wycofany Status egzemplarza Uszkodzony Dostępność Lokalizacja stała Lokalizacja bieżąca Miejsce przechowywania Sygnatura Kod kreskowy Dział Typ dokumentu Ostatnio wypożyczono
      Tylko na miejscu Biblioteka Politechniki Koszalińskiej Biblioteka Politechniki Koszalińskiej Czytelnia BG P 46720 01807271 159.9 Psychologia Książka  
      Dostępny Biblioteka Politechniki Koszalińskiej Biblioteka Politechniki Koszalińskiej Wypożyczalnia BG P 46721 01395396   Książka 15.01.2024
      Dostępny Biblioteka Politechniki Koszalińskiej Biblioteka Politechniki Koszalińskiej Wypożyczalnia BG P 46722 01041699   Książka  
      Dostępny Biblioteka Politechniki Koszalińskiej Biblioteka Politechniki Koszalińskiej Wypożyczalnia BG 37332 01063752   Książka 01.02.2020
© 2023 Biblioteka Politechniki Koszalińskiej :: KOHA